00311nam a22001097a 4500040000900000082001200009100002000021110002000041245008100061260004400142650001500186 cNUST a200 THE aZahid Ur Rehman aDr Afzaal Malik aTH-SOF-0866-Modeling And Simulation Of Uncoated And Solid–Lubricant-Coated aISLAMABAD:bNUST COLLEGE OF EME.c2013. aMS-MECH-60